[Event "EuTCh"]
[Site "Plovdiv"]
[Date "2003.10.11"]
[Round "1"]
[White "Graf, Alexander"]
[Black "Kulaots, Kaido"]
[Result "1/2-1/2"]
[WhiteElo "2646"]
[BlackElo "2530"]
[PlyCount "66"]
[EventDate "2003.10.10"]
[Source "Roberto Alvarez"]
[SourceDate "2003.10.20"]

1. d4 Nf6 2. c4 e6 3. Nc3 Bb4 4. e3 O-O 5. Nge2 d5 6. a3 Be7 7. cxd5 Nxd5 8. Bd2 Nd7 9. Qc2 N5f6 10. g3 e5 11. Bg2 exd4 12. Nxd4 c5 13. Nf3 Qc7 14. O-O Ne5 15. Ng5 Rd8 16. Rad1 h6 17. Nge4 Nxe4 18. Bxe4 Be6 19. f4 Ng4 20. Bc1 Nf6 21. Bf3 c4 22. f5 Bd7 23. Nd5 Nxd5 24. Bxd5 Qb6 25. Bxc4 Rac8 26. Qb3 Qxb3 27. Bxb3 Bxf5 28. Rxd8+ Bxd8 29. Rxf5 Rxc1+ 30. Kf2 Bf6 31. e4 Rc7 32. e5 Rc5 33. Bxf7+ Kf8 1/2-1/2

[Event "6. EICC"]
[Site "?"]
[Date "2005.06.23"]
[Round "6"]
[White "Aleksandrov Aleksej"]
[Black "Prusikin Michael"]
[Result "0-1"]
[WhiteElo "2635"]
[BlackElo "2540"]
[PlyCount "82"]
[EventDate "2005.??.??"]
[Source "www.chesslib.no"]
[SourceDate "2004.05.04"]

1. d4 Nf6 2. c4 e6 3. Nc3 Bb4 4. e3 O-O 5. Nge2 d5 6. a3 Bd6 7. cxd5 exd5 8. g3 Re8 9. Bg2 c6 10. Qc2 Bg4 11. O-O Bh5 12. b4 Bg6 13. Qb3 a6 14. f3 Nbd7 15. Na4 Qc7 16. Bd2 b5 17. Nc5 Nb6 18. Rae1 Nc4 19. Bc1 a5 20. Nc3 axb4 21. axb4 Rad8 22. Kh1 h5 23. e4 dxe4 24. fxe4 Bxc5 25. dxc5 Nd2 26. Bxd2 Rxd2 27. Nb1 Rd4 28. Qb2 Rdd8 29. e5 Ng4 30. e6 Rxe6 31. Rxe6 fxe6 32. Qb3 Qe5 33. Qf3 Be4 34. Qf7+ Kh7 35. Bxe4+ Qxe4+ 36. Kg1 Qd4+ 37. Kh1 Qe4+ 38. Kg1 Rd5 39. h3 Ne3 40. Qf3 Qd4 41. Rf2 Nd1 0-1

[Event "Bundesliga 9798"]
[Site "Germany"]
[Date "1997.??.??"]
[Round "?.2"]
[White "Giorgadze, Giorgi"]
[Black "Schlosser, Philipp"]
[Result "1/2-1/2"]
[WhiteElo "2625"]
[BlackElo "2550"]
[PlyCount "52"]
[EventDate "1997.10.??"]
[Source "ChessBase"]
[SourceDate "1999.07.01"]

1. d4 Nf6 2. c4 e6 3. Nc3 Bb4 4. e3 O-O 5. Nge2 d5 6. a3 Be7 7. cxd5 Nxd5 8. Qc2 Nd7 9. e4 Nxc3 10. Nxc3 c5 11. d5 Bf6 12. dxe6 fxe6 13. f4 Bd4 14. e5 Nb6 15. Bd3 Qh4+ 16. g3 Qh3 17. Ne4 h6 18. Nd6 Bd7 19. Bf1 Qh5 20. Be2 Qh3 21. Qg6 Qg2 22. Rf1 Nc8 23. Bd3 Nxd6 24. Qh7+ Kf7 25. exd6 Qxh2 26. Qg6+ Kg8 1/2-1/2

[Event "Europa ch 2008"]
[Site "Plovdiv BUL"]
[Date "2008.04.24"]
[Round "4.5"]
[White "Grigoriants, Sergey"]
[Black "Berg, Emanuel"]
[Result "1-0"]
[WhiteElo "2573"]
[BlackElo "2601"]
[PlyCount "81"]
[EventDate "2008.04.21"]
[Source "www.chesslib.no"]
[SourceDate "2004.05.04"]

1. d4 Nf6 2. c4 e6 3. Nc3 Bb4 4. e3 O-O 5. Nge2 d5 6. a3 Be7 7. cxd5 exd5 8. Nf4 a5 9. Bd3 c6 10. O-O Nbd7 11. f3 Re8 12. e4 Nf8 13. e5 N6d7 14. Nfe2 c5 15. Nxd5 cxd4 16. Nxe7+ Qxe7 17. f4 Nc5 18. Nxd4 Rd8 19. Be3 g6 20. Qc2 Nxd3 21. Qxd3 Ne6 22. Qc3 Nxd4 23. Bxd4 Be6 24. Rad1 Rd5 25. Bb6 Qd7 26. Rxd5 Qxd5 27. Qd4 Rd8 28. Rd1 Rd7 29. Qxd5 Rxd5 30. Rxd5 Bxd5 31. Bxa5 Kf8 32. Bb4+ Ke8 33. Kf2 Kd7 34. g4 Ke6 35. Kg3 Bb3 36. Kh4 f6 37. exf6 Kxf6 38. Bc3+ Ke6 39. Kg5 Bc2 40. Kh6 Kf7 41. Kxh7 1-0

[Event "TCh-POL Ekstraliga"]
[Site "?"]
[Date "2005.09.06"]
[Round "4"]
[White "Kveinys Aloyzas"]
[Black "Navara David"]
[Result "0-1"]
[WhiteElo "2510"]
[BlackElo "2663"]
[PlyCount "80"]
[EventDate "2005.??.??"]
[Source "www.chesslib.no"]
[SourceDate "2004.05.04"]

1. d4 Nf6 2. c4 e6 3. Nc3 Bb4 4. e3 O-O 5. Nge2 d5 6. a3 Be7 7. Nf4 c6 8. Be2 dxc4 9. Bxc4 Nbd7 10. Bxe6 fxe6 11. Nxe6 Qe8 12. Nxf8 Nxf8 13. f3 Be6 14. O-O Rd8 15. Qc2 c5 16. dxc5 Bxc5 17. b4 Bb6 18. Na4 Rc8 19. Qd1 Rxc1 20. Qxc1 Qxa4 21. Kh1 Qb5 22. Re1 Qe5 23. Qd2 Bd5 24. e4 Bc6 25. Qa2+ Kh8 26. Qf7 Ne6 27. Rac1 h6 28. b5 Bc7 29. g3 Be8 30. Qe7 Bh5 31. Rf1 Bb6 32. Qxb7 Nd4 33. g4 Bg6 34. Rc8+ Kh7 35. Qa8 Be8 36. Kg2 Bxb5 37. Rfc1 Be2 38. R1c3 Bxf3+ 39. Rxf3 Nxf3 40. Kxf3 Qxh2 0-1

[Event "Petroff mem op"]
[Site "St Petersburg"]
[Date "2000.02.13"]
[Round "6"]
[White "Bu Xiangzhi"]
[Black "Aleksandrov, Aleksej"]
[Result "0-1"]
[WhiteElo "2565"]
[BlackElo "2606"]
[PlyCount "72"]
[EventDate "2000.02.05"]
[Source "www.chesslib.no"]
[SourceDate "2004.05.04"]

1. d4 Nf6 2. c4 e6 3. Nc3 Bb4 4. e3 O-O 5. Nge2 d5 6. a3 Bd6 7. Ng3 c6 8. c5 Be7 9. f4 b6 10. b4 a5 11. Bd2 Nfd7 12. Be2 Ba6 13. O-O f5 14. Qc2 Bxe2 15. Ngxe2 Qc8 16. Rfb1 Qa6 17. Nc1 a4 18. b5 cxb5 19. c6 Nxc6 20. Nxd5 exd5 21. Qxc6 Nf6 22. Nd3 b4 23. Nxb4 Bxb4 24. Qe6+ Rf7 25. Bxb4 Re8 26. Qxf5 Rxe3 27. Rc1 Qb5 28. Rc8+ Ne8 29. Qg5 h6 30. Qg6 Rf6 31. Qh5 Kh7 32. Re1 Rxe1+ 33. Bxe1 Rxf4 34. h3 Nf6 35. Qd1 Qf1+ 36. Kh2 Rf2 0-1

[Event "RUS-ch"]
[Site "Elista"]
[Date "1994.??.??"]
[Round "10"]
[White "Kharlov, Andrei"]
[Black "Tiviakov, Sergei"]
[Result "1/2-1/2"]
[WhiteElo "2530"]
[BlackElo "2640"]
[PlyCount "125"]
[EventDate "1994.09.??"]
[Source "ChessBase"]

1. d4 Nf6 2. c4 e6 3. Nc3 Bb4 4. e3 O-O 5. Nge2 d5 6. a3 Be7 7. Nf4 c6 8. Bd3 b6 9. O-O Bb7 10. b4 Nbd7 11. cxd5 Nxd5 12. Ncxd5 cxd5 13. Bd2 Bd6 14. Rc1 Qf6 15. Qa4 Qe7 16. b5 e5 17. Nh5 Qh4 18. Ng3 e4 19. Be2 Rfe8 20. Bb4 Bb8 21. Rc3 f5 22. Rfc1 f4 23. Nf1 fxe3 24. fxe3 Nf6 25. Qd1 h5 26. h3 Qg5 27. a4 h4 28. R3c2 Bg3 29. Be1 Bd6 30. Bf2 Bc8 31. Kh1 Be7 32. Bg1 Be6 33. Bh2 Ba3 34. Ra1 Bb4 35. Rb1 Be7 36. Bf4 Qg6 37. Rc6 Bd7 38. Rc7 Rec8 39. Rbc1 Rxc7 40. Rxc7 Bd8 41. Rc3 Be8 42. Nh2 Qf5 43. Kg1 Rc8 44. Rxc8 Qxc8 45. Bg5 Nd7 46. Bxd8 Qxd8 47. Ng4 Qc7 48. Qe1 Qg3 49. Qc3 Kf8 50. Qb4+ Kf7 51. Bd1 Ke6 52. Qc3 Bh5 53. Kf1 Qd6 54. Be2 Ke7 55. Qc8 Qb8 56. Qc6 Bf7 57. Bd1 Qd6 58. Qc8 Qb8 59. Qxb8 Nxb8 60. Ne5 Be8 61. Be2 Kd6 62. Ke1 Nd7 63. Nxd7 1/2-1/2